<?xml version="1.0" encoding="UTF-8"?><?xml-stylesheet type="text/xsl" href="static/style.xsl"?><OAI-PMH xmlns="http://www.openarchives.org/OAI/2.0/" xmlns:xsi="http://www.w3.org/2001/XMLSchema-instance" xsi:schemaLocation="http://www.openarchives.org/OAI/2.0/ http://www.openarchives.org/OAI/2.0/OAI-PMH.xsd"><responseDate>2026-06-03T19:23:54Z</responseDate><request verb="GetRecord" identifier="oai:riuma.uma.es:10630/27961" metadataPrefix="marc">https://riuma.uma.es/rest/oai/request</request><GetRecord><record><header><identifier>oai:riuma.uma.es:10630/27961</identifier><datestamp>2026-02-03T12:04:15Z</datestamp><setSpec>com_10630_2254</setSpec><setSpec>col_10630_37959</setSpec></header><metadata><record xmlns="http://www.loc.gov/MARC21/slim" xmlns:dcterms="http://purl.org/dc/terms/" xmlns:doc="http://www.lyncode.com/xoai" xmlns:xsi="http://www.w3.org/2001/XMLSchema-instance" xsi:schemaLocation="http://www.loc.gov/MARC21/slim http://www.loc.gov/standards/marcxml/schema/MARC21slim.xsd">
   <leader>00925njm 22002777a 4500</leader>
   <datafield ind2=" " ind1=" " tag="042">
      <subfield code="a">dc</subfield>
   </datafield>
   <datafield ind2=" " ind1=" " tag="720">
      <subfield code="a">Vadillo-Pérez, José Miguel</subfield>
      <subfield code="e">author</subfield>
   </datafield>
   <datafield ind2=" " ind1=" " tag="720">
      <subfield code="a">Moros-Portolés, Javier</subfield>
      <subfield code="e">author</subfield>
   </datafield>
   <datafield ind2=" " ind1=" " tag="720">
      <subfield code="a">Laserna-Vázquez, José Javier</subfield>
      <subfield code="e">author</subfield>
   </datafield>
   <datafield ind2=" " ind1=" " tag="260">
      <subfield code="c">2023</subfield>
   </datafield>
   <datafield ind2=" " ind1=" " tag="520">
      <subfield code="a">The recent ambitions of different national space agencies to return to the Moon and to potentially set up a permanent moon base soon, have triggered the interest to adapt different analysis techniques to the conditions of our satellite. The Moon has virtually no atmosphere, with a vacuum level in the range of the pico mbar. Under such conditions, and after the formation of a laser-induced plasma, the possibility of direct recording of LIBS spectra below 200 nm (DUV/VUV LIBS) or performing mass spectrometry out of the generated ions (LIMS) can be done without the use of pumping system.&#xd;
This communication will show the results obtained in the laboratory under ultra-high vacuum conditions monitoring the photons and ions of solid samples of interest in astrochemical research. For LIBS, a flat-field XUV spectrometer was used, with capability to cover a spectral range from 30-250 nm. Such region, very unexplored in conventional LIBS offers several advantages as reduced interferences and a higher emission intensity from elements of interest in astrochemistry as CHNOPS. For LIMS, a reflectron-type time-of-flight mass spectrometer was used, allowing the simultaneous recording of mass spectra in the 1-1000 range.&#xd;
A deep discussion on the two experimental configurations will be provided, detailing the experimental parameters affecting the signal in both cases. Different examples will be shown, with special emphasis in non-consolidated matter that can be assimilated to the moon regoliths.</subfield>
   </datafield>
   <datafield ind1="8" ind2=" " tag="024">
      <subfield code="a">https://hdl.handle.net/10630/27961</subfield>
   </datafield>
   <datafield tag="653" ind2=" " ind1=" ">
      <subfield code="a">Espectroscopía de plasma inducido por láser</subfield>
   </datafield>
   <datafield tag="653" ind2=" " ind1=" ">
      <subfield code="a">Cosmoquímica</subfield>
   </datafield>
   <datafield ind2="0" ind1="0" tag="245">
      <subfield code="a">Deep-UV laser-induced breakdown spectrometry and laser-ionization mass spectrometry for astrochemistry studies.</subfield>
   </datafield>
</record>
</metadata></record></GetRecord></OAI-PMH>